[Event "DSOL 03 Liga Gr-D 1st"]
[Site "Playchess.com INT"]
[Date "2020.07.13"]
[Round "4.2"]
[White "Sesterhenn, Joerg"]
[Black "Haus, Volker"]
[Result "1-0"]
[WhiteElo "1886"]
[BlackElo "1923"]
[PlyCount "79"]
[EventDate "2020.06.22"]
[EventType "team-tourn (rapid)"]
[EventCountry "GER"]
[SourceTitle "EXT 2021"]
[Source "ChessBase"]
[SourceDate "2020.10.23"]
[SourceVersion "1"]
[SourceVersionDate "2020.10.23"]
[SourceQuality "1"]
[WhiteTeam "Gusenburg Gambit"]
[BlackTeam "Vellmar"]
[WhiteTeamCountry "GER"]
[BlackTeamCountry "GER"]

1. e4 c5 2. Nf3 Nc6 3. d4 cxd4 4. Bc4 e6 5. 0-0 Nf6 6. Re1 d6 7. Nxd4 Be7 8. Nc3 0-0 9. Nxc6 bxc6 10. Bf4 e5 11. Bg5 h6 12. Bh4 Ne8 13. Bxe7 Qxe7 14. Qd2 Be6 15. Bxe6 Qxe6 16. Rad1 Rd8 17. Qe3 Rd7 18. b3 Nf6 19. Na4 Re8 20. c4 Qe7 21. Nc3 Red8 22. f3 Nh5 23. g3 Nf6 24. Kg2 Nh7 25. Rd2 Nf8 26. b4 d5 27. cxd5 Qxb4 28. Rb1 Qa5 29. Rbd1 cxd5 30. exd5 Ng6 31. d6 Qa3 32. Nd5 Qxe3 33. Nxe3 Kf8 34. Rc2 Rxd6 35. Rxd6 Rxd6 36. Rc8+ Ke7 37. Nf5+ Kd7 38. Nxd6 Kxd6 39. Ra8 e4 40. fxe4 1-0